LEADER 02041nam 2200469 450
001 9910824486803321
005 20230807211425.0
010 $a1-84995-206-X
035 $a(CKB)3710000000604210
035 $a(EBL)4427898
035 $a(MiAaPQ)EBC4427898
035 $a(EXLCZ)993710000000604210
100 $a20160422h20152015 uy| 0
101 0 $aeng
135 $aur|n|---|||||
181 $2rdacontent
182 $2rdamedia
183 $2rdacarrier
200 10$aAte the dog yesterday $emaritime casualties, calamities and catastrophes /$fby Graham Faiella
210 1$aDunbeath, Caithness, Scotland :$cWhittles Publishing,$d[2015]
210 4$dİ2015
215 $a1 online resource (529 p.)
300 $aDescription based upon print version of record.
311 $a1-84995-089-X
327 $aContents; Preface; Part I Of Sailors, Ships and the Sea; 1 Lloyd's and Lloyd's List; 2 Voyages and Voyagings; 3 Tonnage and Ships' Measurements; Part II Casualties, Calamities, Catastrohpes and Curiosities; 1 Message in a Bottle; 2 Corpses ; 3 Hard Weather Voyages: Gales, Storms and Hurricanes; 4 Remarkable Voyages; 5 Accidental Loss of Life; 6 Mutiny, Murder and Mayhem; 7 Sickness, Disease and Malnutrition (...and Suicide); 8 Fire!; 9 Ice!; 10 Earthquakes, Seaquakes and Volcanoes; 11 Whaling, Whales and Fishermen; 12 Shipwrecks, Collisions and Castaways (...and Cannibalism)
327 $a13 Great Disasters 14 Odds & Sods & Mollycods ; Conclusion
330 $aCompelling true-life stories about mariners' dreadful experiences at sea during the hey-day of deep-sea commercial sail.
606 $aSeafaring life
606 $aMarine accidents
606 $aShipwrecks
615 0$aSeafaring life.
615 0$aMarine accidents.
615 0$aShipwrecks.
676 $a387.509
700 $aFaiella$b Graham$01659012
801 0$bMiAaPQ
801 1$bMiAaPQ
801 2$bMiAaPQ
906 $aBOOK
912 $a9910824486803321
996 $aAte the dog yesterday$94013427
997 $aUNINA
LEADER 03233nam 22004812 450
001 9910162772503321
005 20170511142925.0
010 $a1-78204-915-0
024 7 $a10.1515/9781782049159
035 $a(CKB)3710000001044809
035 $a(UkCbUP)CR9781782049159
035 $a(MiAaPQ)EBC4793155
035 $a(DE-B1597)675246
035 $a(DE-B1597)9781782049159
035 $a(EXLCZ)993710000001044809
100 $a20170214d2017|||| uy| 0
101 0 $aeng
135 $aur|||||||||||
181 $ctxt$2rdacontent
182 $cc$2rdamedia
183 $acr$2rdacarrier
200 10$aBeds and chambers in late medieval England $ereadings, representations and realities /$fHollie L. S. Morgan
210 1$aWoodbridge, Suffolk :$cBoydell & Brewer,$d2017.
215 $a1 online resource (xii, 254 pages) $cdigital, PDF file(s)
300 $aTitle from publisher's bibliographic system (viewed on 10 May 2017).
311 08$a1-914049-27-6
311 08$a1-903153-71-9
320 $aIncludes bibliographical references and index.
327 $aList of illustrations -- Preface and acknowledgments -- Abbreviations -- Introduction -- "Fyrst arysse erly" -- "Serve thy God deuly" -- "Do thy warke wyssely/[...] and answer the pepll curtesly" -- "Goo to thy bed myrely/and lye therein jocundly" -- "Plesse and loffe thy wyffe dewly/and basse hyr onys or tewys myrely" -- The invisible woman -- Conclusion -- Bibliography -- Index.
330 $aThe bed, and the chamber which contained it, was something of a cultural and social phenomenon in late-medieval England. Their introduction into some aristocratic and bourgeois households captured theimagination of late-medieval English society. The bed and chamber stood for much more than simply a place to rest one's head: they were symbols of authority, unparalleled spaces of intimacy, sanctuaries both for the powerless and the powerful. This change in physical domestic space shaped the ways in which people thought about less tangible concepts such as gender politics, communication, God, sex and emotions. Furthermore, the practical uses of beds and chambers shaped and were shaped by artistic and literary production.
This volume offers the first interdisciplinary study of the cultural meanings of beds and chambers in late-medieval England. It draws on a vast array of literary, pragmatic and visual sources, including romances, saints' lives, lyrics, plays, wills, probate inventories, letters, church and civil court documents, manuscript illumination and physical objects, to shed new light on the ways in which beds and chambers functioned as both physical and conceptual spaces.
Hollie L.S. Morgan is a Research Fellow in the School of History and Heritage, University of Lincoln.
606 $aBeds$xHistory
606 $aBedrooms$xSocial aspects
607 $aEngland$xSocial life and customs$y1066-1485
615 0$aBeds$xHistory.
615 0$aBedrooms$xSocial aspects.
676 $a942/.03
700 $aMorgan$b Hollie L.S.$01208740
801 0$bUkCbUP
801 1$bUkCbUP
906 $aBOOK
912 $a9910162772503321
996 $aBeds and chambers in late medieval England$92788836
997 $aUNINA